<?xml version="1.0" encoding="UTF-8"?>
<record
    xmlns:xsi="http://www.w3.org/2001/XMLSchema-instance"
    xsi:schemaLocation="http://www.loc.gov/MARC21/slim http://www.loc.gov/standards/marcxml/schema/MARC21slim.xsd"
    xmlns="http://www.loc.gov/MARC21/slim">

  <leader>02470nam a2200421 a 4500</leader>
  <controlfield tag="003">AR-BeUNQ</controlfield>
  <controlfield tag="005">20220224182347.0</controlfield>
  <controlfield tag="008">170314s2014    ag aod        000 0 spa d</controlfield>
  <datafield tag="020" ind1=" " ind2=" ">
    <subfield code="a">9789870605898</subfield>
  </datafield>
  <datafield tag="040" ind1=" " ind2=" ">
    <subfield code="a">AR-BeUNQ</subfield>
    <subfield code="b">spa</subfield>
  </datafield>
  <datafield tag="082" ind1="0" ind2="4">
    <subfield code="2">21</subfield>
    <subfield code="a">331.1</subfield>
  </datafield>
  <datafield tag="100" ind1="1" ind2=" ">
    <subfield code="a">Lesser, Ricardo</subfield>
  </datafield>
  <datafield tag="245" ind1="1" ind2="0">
    <subfield code="a">Ciudadan&#xED;a : </subfield>
    <subfield code="b">trabajo / </subfield>
    <subfield code="c">Ricardo Lesser, Gabriel Palumbo.</subfield>
  </datafield>
  <datafield tag="260" ind1=" " ind2=" ">
    <subfield code="a">Buenos Aires : </subfield>
    <subfield code="b">Aique, </subfield>
    <subfield code="c">i2014.</subfield>
  </datafield>
  <datafield tag="300" ind1=" " ind2=" ">
    <subfield code="a">151 p. : </subfield>
    <subfield code="b">il., fot. ; </subfield>
    <subfield code="c">23 cm.</subfield>
  </datafield>
  <datafield tag="504" ind1=" " ind2=" ">
    <subfield code="a">Bibliograf&#xED;a: p. [152].</subfield>
  </datafield>
  <datafield tag="505" ind1="0" ind2=" ">
    <subfield code="a">La ciudadan&#xED;a -- El trabajo como &#xE1;mbito de la ciudadan&#xED;a -- La organizaci&#xF3;n del trabajo en las sociedades capitalistas en el siglo XIX -- La organizaci&#xF3;n del trabajo en las sociedades capitalistas (siglos XX y XXI) -- Trabajo y derecho -- El derecho colectivo de trabajo -- El derecho individual del trabajo -- El derecho de la seguridad social -- El contrato de trabajo -- El trabajo, una cuesti&#xF3;n fundamental</subfield>
  </datafield>
  <datafield tag="650" ind1=" " ind2="7">
    <subfield code="a">Trabajo</subfield>
    <subfield code="2">spines</subfield>
  </datafield>
  <datafield tag="650" ind1=" " ind2="7">
    <subfield code="a">Divisi&#xF3;n del trabajo</subfield>
    <subfield code="2">spines</subfield>
  </datafield>
  <datafield tag="650" ind1=" " ind2="7">
    <subfield code="a">Capitalismo</subfield>
    <subfield code="2">spines</subfield>
  </datafield>
  <datafield tag="650" ind1=" " ind2="7">
    <subfield code="a">Derecho al trabajo</subfield>
    <subfield code="2">spines</subfield>
  </datafield>
  <datafield tag="650" ind1=" " ind2="7">
    <subfield code="a">Sindicatos</subfield>
    <subfield code="2">spines</subfield>
  </datafield>
  <datafield tag="650" ind1=" " ind2="7">
    <subfield code="a">Seguridad social</subfield>
    <subfield code="2">spines</subfield>
  </datafield>
  <datafield tag="650" ind1=" " ind2="7">
    <subfield code="a">Condiciones de trabajo</subfield>
    <subfield code="2">spines</subfield>
  </datafield>
  <datafield tag="651" ind1=" " ind2="7">
    <subfield code="a">Argentina</subfield>
    <subfield code="2">spines</subfield>
  </datafield>
  <datafield tag="700" ind1="1" ind2=" ">
    <subfield code="a">Palumbo, Gabriel</subfield>
  </datafield>
  <datafield tag="929" ind1=" " ind2=" ">
    <subfield code="a">COMPRA</subfield>
    <subfield code="b">Stratford Book Services</subfield>
    <subfield code="c">2a compra 2016 Exp. 827-0946/16</subfield>
    <subfield code="d">140,00</subfield>
    <subfield code="e">20170201</subfield>
    <subfield code="f">PAT0066337</subfield>
    <subfield code="j">55545</subfield>
  </datafield>
  <datafield tag="929" ind1=" " ind2=" ">
    <subfield code="a">COMPRA</subfield>
    <subfield code="b">Stratford Book Services</subfield>
    <subfield code="c">2a compra 2016 Exp. 827-0946/16</subfield>
    <subfield code="d">140,00</subfield>
    <subfield code="e">20170201</subfield>
    <subfield code="f">PAT0066338</subfield>
    <subfield code="j">55546</subfield>
  </datafield>
  <datafield tag="929" ind1=" " ind2=" ">
    <subfield code="a">COMPRA</subfield>
    <subfield code="b">Stratford Book Services</subfield>
    <subfield code="c">2a compra 2016 Exp. 827-0946/16</subfield>
    <subfield code="d">140,00</subfield>
    <subfield code="e">20170201</subfield>
    <subfield code="f">PAT0066339</subfield>
    <subfield code="j">55547</subfield>
  </datafield>
  <datafield tag="929" ind1=" " ind2=" ">
    <subfield code="a">COMPRA</subfield>
    <subfield code="b">Stratford Book Services</subfield>
    <subfield code="c">2a compra 2016 Exp. 827-0946/16</subfield>
    <subfield code="d">140,00</subfield>
    <subfield code="e">20170201</subfield>
    <subfield code="f">PAT0066340</subfield>
    <subfield code="j">55548</subfield>
  </datafield>
  <datafield tag="929" ind1=" " ind2=" ">
    <subfield code="a">COMPRA</subfield>
    <subfield code="b">Stratford Book Services</subfield>
    <subfield code="c">2a compra 2016 Exp. 827-0946/16</subfield>
    <subfield code="d">140,00</subfield>
    <subfield code="e">20170201</subfield>
    <subfield code="f">PAT0066341</subfield>
    <subfield code="j">55549</subfield>
  </datafield>
  <datafield tag="929" ind1=" " ind2=" ">
    <subfield code="a">COMPRA</subfield>
    <subfield code="b">Stratford Book Services</subfield>
    <subfield code="c">2a compra 2016 Exp. 827-0946/16</subfield>
    <subfield code="d">140,00</subfield>
    <subfield code="e">20170201</subfield>
    <subfield code="f">PAT0066342</subfield>
    <subfield code="j">55550</subfield>
  </datafield>
  <datafield tag="929" ind1=" " ind2=" ">
    <subfield code="a">COMPRA</subfield>
    <subfield code="b">Stratford Book Services</subfield>
    <subfield code="c">2a compra 2016 Exp. 827-0946/16</subfield>
    <subfield code="d">140,00</subfield>
    <subfield code="e">20170201</subfield>
    <subfield code="f">PAT0066343</subfield>
    <subfield code="j">55551</subfield>
  </datafield>
  <datafield tag="929" ind1=" " ind2=" ">
    <subfield code="a">COMPRA</subfield>
    <subfield code="b">Stratford Book Services</subfield>
    <subfield code="c">2a compra 2016 Exp. 827-0946/16</subfield>
    <subfield code="d">140,00</subfield>
    <subfield code="e">20170201</subfield>
    <subfield code="f">PAT0066344</subfield>
    <subfield code="j">55552</subfield>
  </datafield>
  <datafield tag="929" ind1=" " ind2=" ">
    <subfield code="a">COMPRA</subfield>
    <subfield code="b">Stratford Book Services</subfield>
    <subfield code="c">2a compra 2016 Exp. 827-0946/16</subfield>
    <subfield code="d">140,00</subfield>
    <subfield code="e">20170201</subfield>
    <subfield code="f">PAT0066345</subfield>
    <subfield code="j">55553</subfield>
  </datafield>
  <datafield tag="929" ind1=" " ind2=" ">
    <subfield code="a">COMPRA</subfield>
    <subfield code="b">Stratford Book Services</subfield>
    <subfield code="c">2a compra 2016 Exp. 827-0946/16</subfield>
    <subfield code="d">140,00</subfield>
    <subfield code="e">20170201</subfield>
    <subfield code="f">PAT0066346</subfield>
    <subfield code="j">55554</subfield>
  </datafield>
  <datafield tag="942" ind1=" " ind2=" ">
    <subfield code="c">LIB</subfield>
    <subfield code="n">0</subfield>
  </datafield>
  <datafield tag="999" ind1=" " ind2=" ">
    <subfield code="c">134</subfield>
    <subfield code="d">134</subfield>
  </datafield>
  <datafield tag="952" ind1=" " ind2=" ">
    <subfield code="0">0</subfield>
    <subfield code="1">0</subfield>
    <subfield code="a">BIBESET</subfield>
    <subfield code="b">BIBESET</subfield>
    <subfield code="c">sala</subfield>
    <subfield code="d">2017-03-14</subfield>
    <subfield code="l">0</subfield>
    <subfield code="o">331.1 LES</subfield>
    <subfield code="p">55545</subfield>
    <subfield code="r">2017-03-14</subfield>
    <subfield code="t">1</subfield>
    <subfield code="w">2022-02-24</subfield>
    <subfield code="y">LIB</subfield>
    <subfield code="k">CMG</subfield>
  </datafield>
  <datafield tag="952" ind1=" " ind2=" ">
    <subfield code="0">0</subfield>
    <subfield code="1">0</subfield>
    <subfield code="a">BIBESET</subfield>
    <subfield code="b">BIBESET</subfield>
    <subfield code="c">circulacion</subfield>
    <subfield code="d">2017-03-14</subfield>
    <subfield code="l">0</subfield>
    <subfield code="o">331.1 LES</subfield>
    <subfield code="p">55546</subfield>
    <subfield code="r">2017-03-14</subfield>
    <subfield code="t">2</subfield>
    <subfield code="w">2022-02-24</subfield>
    <subfield code="y">LIB</subfield>
    <subfield code="k">CMG</subfield>
  </datafield>
  <datafield tag="952" ind1=" " ind2=" ">
    <subfield code="0">0</subfield>
    <subfield code="1">0</subfield>
    <subfield code="a">BIBESET</subfield>
    <subfield code="b">BIBESET</subfield>
    <subfield code="c">circulacion</subfield>
    <subfield code="d">2017-03-14</subfield>
    <subfield code="l">0</subfield>
    <subfield code="o">331.1 LES</subfield>
    <subfield code="p">55547</subfield>
    <subfield code="r">2017-03-14</subfield>
    <subfield code="t">3</subfield>
    <subfield code="w">2022-02-24</subfield>
    <subfield code="y">LIB</subfield>
    <subfield code="k">CMG</subfield>
  </datafield>
  <datafield tag="952" ind1=" " ind2=" ">
    <subfield code="0">0</subfield>
    <subfield code="1">0</subfield>
    <subfield code="a">BIBESET</subfield>
    <subfield code="b">BIBESET</subfield>
    <subfield code="c">circulacion</subfield>
    <subfield code="d">2017-03-14</subfield>
    <subfield code="l">0</subfield>
    <subfield code="o">331.1 LES</subfield>
    <subfield code="p">55548</subfield>
    <subfield code="r">2017-03-14</subfield>
    <subfield code="t">4</subfield>
    <subfield code="w">2022-02-24</subfield>
    <subfield code="y">LIB</subfield>
    <subfield code="k">CMG</subfield>
  </datafield>
  <datafield tag="952" ind1=" " ind2=" ">
    <subfield code="0">0</subfield>
    <subfield code="1">0</subfield>
    <subfield code="a">BIBESET</subfield>
    <subfield code="b">BIBESET</subfield>
    <subfield code="c">circulacion</subfield>
    <subfield code="d">2017-03-14</subfield>
    <subfield code="l">0</subfield>
    <subfield code="o">331.1 LES</subfield>
    <subfield code="p">55549</subfield>
    <subfield code="r">2017-03-14</subfield>
    <subfield code="t">5</subfield>
    <subfield code="w">2022-02-24</subfield>
    <subfield code="y">LIB</subfield>
    <subfield code="k">CMG</subfield>
  </datafield>
  <datafield tag="952" ind1=" " ind2=" ">
    <subfield code="0">0</subfield>
    <subfield code="1">0</subfield>
    <subfield code="a">BIBESET</subfield>
    <subfield code="b">BIBESET</subfield>
    <subfield code="c">circulacion</subfield>
    <subfield code="d">2017-03-14</subfield>
    <subfield code="l">0</subfield>
    <subfield code="o">331.1 LES</subfield>
    <subfield code="p">55550</subfield>
    <subfield code="r">2017-03-14</subfield>
    <subfield code="t">6</subfield>
    <subfield code="w">2022-02-24</subfield>
    <subfield code="y">LIB</subfield>
    <subfield code="k">CMG</subfield>
  </datafield>
  <datafield tag="952" ind1=" " ind2=" ">
    <subfield code="0">0</subfield>
    <subfield code="1">0</subfield>
    <subfield code="a">BIBESET</subfield>
    <subfield code="b">BIBESET</subfield>
    <subfield code="c">circulacion</subfield>
    <subfield code="d">2017-03-14</subfield>
    <subfield code="l">0</subfield>
    <subfield code="o">331.1 LES</subfield>
    <subfield code="p">55551</subfield>
    <subfield code="r">2017-03-14</subfield>
    <subfield code="t">7</subfield>
    <subfield code="w">2022-02-24</subfield>
    <subfield code="y">LIB</subfield>
    <subfield code="k">CMG</subfield>
  </datafield>
  <datafield tag="952" ind1=" " ind2=" ">
    <subfield code="0">0</subfield>
    <subfield code="1">0</subfield>
    <subfield code="a">BIBESET</subfield>
    <subfield code="b">BIBESET</subfield>
    <subfield code="c">circulacion</subfield>
    <subfield code="d">2017-03-14</subfield>
    <subfield code="l">0</subfield>
    <subfield code="o">331.1 LES</subfield>
    <subfield code="p">55552</subfield>
    <subfield code="r">2017-03-14</subfield>
    <subfield code="t">8</subfield>
    <subfield code="w">2022-02-24</subfield>
    <subfield code="y">LIB</subfield>
    <subfield code="k">CMG</subfield>
  </datafield>
  <datafield tag="952" ind1=" " ind2=" ">
    <subfield code="0">0</subfield>
    <subfield code="1">0</subfield>
    <subfield code="a">BIBESET</subfield>
    <subfield code="b">BIBESET</subfield>
    <subfield code="c">circulacion</subfield>
    <subfield code="d">2017-03-14</subfield>
    <subfield code="l">0</subfield>
    <subfield code="o">331.1 LES</subfield>
    <subfield code="p">55553</subfield>
    <subfield code="r">2017-03-14</subfield>
    <subfield code="t">9</subfield>
    <subfield code="w">2022-02-24</subfield>
    <subfield code="y">LIB</subfield>
    <subfield code="k">CMG</subfield>
  </datafield>
  <datafield tag="952" ind1=" " ind2=" ">
    <subfield code="0">0</subfield>
    <subfield code="1">0</subfield>
    <subfield code="a">BIBESET</subfield>
    <subfield code="b">BIBESET</subfield>
    <subfield code="c">circulacion</subfield>
    <subfield code="d">2017-03-14</subfield>
    <subfield code="l">0</subfield>
    <subfield code="o">331.1 LES</subfield>
    <subfield code="p">55554</subfield>
    <subfield code="r">2017-03-14</subfield>
    <subfield code="t">10</subfield>
    <subfield code="w">2022-02-24</subfield>
    <subfield code="y">LIB</subfield>
    <subfield code="k">CMG</subfield>
  </datafield>
</record>
